000 00320nam a2200133Ia 4500
003 GCL
008 140319s9999 xx 000 0 ara d
040 _aGCL /
_cGCL
082 0 4 _a814.9
_bز ح
100 1 _aزكى مبارك
245 1 0 _aالحديث ذو شجون /
_cزكى مبارك
300 _a547 ص
490 _a
999 _c37809
_d37809